Paul Little's why & what book. (Record no. 8665)

000 -LEADER
fixed length control field 00732nam a2200229 a 4500
001 - CONTROL NUMBER
control field :::00006441$&:&@@
003 - CONTROL NUMBER IDENTIFIER
control field OkBaRHE
005 - DATE AND TIME OF LATEST TRANSACTION
control field 20100401150102.0
008 - FIXED-LENGTH DATA ELEMENTS--GENERAL INFORMATION
fixed length control field s1980 j 000 0 eng u
020 ## - INTERNATIONAL STANDARD BOOK NUMBER
International Standard Book Number 0882078143
040 ## - CATALOGING SOURCE
Transcribing agency
100 1# - MAIN ENTRY--PERSONAL NAME
Personal name Little, Paul E.
245 10 - TITLE STATEMENT
Title Paul Little's why & what book.
260 ## - PUBLICATION, DISTRIBUTION, ETC. (IMPRINT)
Place of publication, distribution, etc Wheaton, IL., :
Name of publisher, distributor, etc Victor Books
Date of publication, distribution, etc c1980
300 ## - PHYSICAL DESCRIPTION
Extent 255 p. : illus. ;
Dimensions 24 cm.
650 ## - SUBJECT ADDED ENTRY--TOPICAL TERM
Topical term or geographic name as entry element Apologetics
General subdivision 20th Century
650 ## - SUBJECT ADDED ENTRY--TOPICAL TERM
Topical term or geographic name as entry element Theology, Doctrinal
General subdivision Popular Works
700 ## - ADDED ENTRY--PERSONAL NAME
Personal name Little, Paul E. Know what you believe. 1980.
730 ## - ADDED ENTRY--UNIFORM TITLE
Uniform title Know why you believe.
942 ## - ADDED ENTRY ELEMENTS (KOHA)
Source of classification or shelving scheme
Koha item type Books
Copies
Barcode Copy number Date acquired Date last seen Permanent Location Date checked out Not for loan Source of classification or shelving scheme Current Location Price effective from Total Checkouts Shelving location Damaged status Lost status Withdrawn status Koha item type Full call number
644112010-04-142014-01-31RHEMA Bible Training College2013-09-20  RHEMA Bible Training College2010-04-141General Stacks   BooksBT 1102 .L5 1980